Véradók világnapja
Elmentve itt :
| Dokumentumtípus: | Cikk |
|---|---|
| Megjelent: |
2009-06-13
|
| Sorozat: | Népszava
|
| Kulcsszavak: | Véradás, első díj |
| Online Access: | http://univ.bibl.u-szeged.hu/37623 |
| LEADER | 00417nab a2200157 i 4500 | ||
|---|---|---|---|
| 001 | univ37623 | ||
| 005 | 20171214104234.0 | ||
| 008 | 171214s2009 hu o 0|| zxx d | ||
| 040 | |a SZTE UnivHistória Repozitórium |b hun | ||
| 041 | |a zxx | ||
| 245 | 0 | 0 | |a Véradók világnapja |h [elektronikus dokumentum] |
| 260 | |c 2009-06-13 | ||
| 300 | |a 12 | ||
| 490 | 0 | |a Népszava | |
| 561 | |a Egyetemi hirarchívum | ||
| 695 | |a Véradás, első díj | ||